| 000 | 00475nam a2200097Ia 4500 | ||
|---|---|---|---|
| 008 | 180130s9999 xx 000 0 und d | ||
| 245 |
_cBrink, Johan; McKelvey, Maureen _aFinancing and privatizing a visionary research endeavour in proteonomics: the case of ProSci in Australia |
||
| 260 | _c2013 | ||
| 300 | _aBook title: How entrepreneurs do what they do : case studies in knowledge intensive entrepreneurship--Acession number C17365; pages 173-188 | ||
| 650 | _aENTREPRENEURSHIP | ||
| 999 |
_c354469 _d354469 |
||